| 000 | 00000nam 2200000za 4500 |
| 001 | 9.675604 |
| 003 | CaOODSP |
| 005 | 20250508135956 |
| 007 | cr ||||||||||| |
| 008 | 150407s2002 onc|||||o f|0| 0 por d |
| 040 | |aCaOODSP|bfre |
| 043 | |an-cn--- |
| 086 | 1 |aS53-28/2002Por-PDF |
| 110 | 1 |aCanada.|bTravaux publics et Services gouvernementaux Canada.|bBureau de la traduction. |
| 245 | 10|aManual de terminologia |h[ressource électronique] / |cSilvia Parvel et Diane Nolet. |
| 250 | |a[Édition portugais]. |
| 260 | |aOttawa : |bTravaux publics et Services gouvernementaux Canada, |cc2002. |
| 300 | |a166 p. : |bgraphiques, tableaux. |
| 500 | |aLe n° de catalogue (S53-28/2002) et l'ISBN (0-660-61616-5) imprimés dans cette publication sont incorrects. |
| 546 | |aTexte en portugais. |
| 590 | |a11-31-Supp|b2011-12-13 |
| 700 | 1 |aNolet, Diane. |
| 700 | 1 |aParvel, Silvia. |
| 775 | 08|tPrécis de terminologie |w(CaOODSP)9.634201 |
| 775 | 08|tHandbook of terminology |w(CaOODSP)9.689804 |
| 791 | |tManual de terminologia |eeng|w(CaOODSP)9.675603 |
| 856 | 40|ahttp://publications.gc.ca|qPDF|s2.30 MB|uhttps://publications.gc.ca/collections/collection_2011/tpsgc-pwgsc/S53-28-2002-por.pdf |